ბათუმის შოთა რუსთაველის სახელმწიფო უნივერსიტეტის ბიბლიოთეკა

The Pearls of Lutra. A Tale of Redwall (ბიბ.ჩანაწერი № 47633)

000 -LEADER
fixed length control field 00524nam a2200217Ia 4500
001 - CONTROL NUMBER
control field 14502
003 - CONTROL NUMBER IDENTIFIER
control field GE_BSU
008 - FIXED-LENGTH DATA ELEMENTS--GENERAL INFORMATION
fixed length control field 181216s||||||||xx |||||||||||||| ||und||
020 ## - INTERNATIONAL STANDARD BOOK NUMBER
International Standard Book Number 0091765366
040 ## - CATALOGING SOURCE
Transcribing agency GE_BSU
080 ## - UNIVERSAL DECIMAL CLASSIFICATION NUMBER
Universal Decimal Classification number 82-93
100 ## - MAIN ENTRY--PERSONAL NAME
Personal name Jacques,Brian
245 #4 - TITLE STATEMENT
Title The Pearls of Lutra. A Tale of Redwall
245 ## - TITLE STATEMENT
Statement of responsibility, etc. Illustrated by Allan Curcless
260 ## - PUBLICATION, DISTRIBUTION, ETC.
Place of publication, distribution, etc. London
260 ## - PUBLICATION, DISTRIBUTION, ETC.
Name of publisher, distributor, etc. Hutchinson
260 ## - PUBLICATION, DISTRIBUTION, ETC.
Date of publication, distribution, etc. 1996
300 ## - PHYSICAL DESCRIPTION
Extent 406p.ill.23cm.
653 ## - INDEX TERM--UNCONTROLLED
Uncontrolled term The Pearls of Lutra. A Tale of Redwall
942 ## - ADDED ENTRY ELEMENTS (KOHA)
Koha item type წიგნი
ეგზემპლარები
Withdrawn status Lost status Damaged status Not for loan Date acquired Barcode Date last seen Price effective from Koha item type
        2018-12-17 37444 2018-12-17 2018-12-17 წიგნი